| 000 | 00640nam a2200217Ia 4500 | ||
|---|---|---|---|
| 003 | IN-BaIIA | ||
| 008 | 211028s9999 xx 000 0 eng d | ||
| 020 | _a0-7167-0359-9 | ||
| 040 | _cIIA Library | ||
| 080 |
_a524.3-852 _bMIH |
||
| 100 |
_aMihalas, D _915046 |
||
| 245 | 0 |
_aStellar atmospheres _cD. Mihalas |
|
| 250 | _a2nd ed. | ||
| 260 |
_aSan Francisco _bW. H. Freeman _c1978 |
||
| 300 | _axx, 632p. | ||
| 650 | _aAstronomy and astrophysics thesaurus | ||
| 650 |
_aRadiative transfer _91568 |
||
| 650 |
_aStellar atmospheres _91135 |
||
| 650 | _aStellar structure | ||
| 942 | _cBK | ||
| 999 |
_c19115 _d19115 |
||